书目信息 |
| 题名: |
林木良种名录
|
|
| 作者: | 杨超 主编 ;国家林业局国有林场和林木种苗工作总站 编 | |
| 分册: | ||
| 出版信息: | 北京 中国林业出版社 2017.02 |
|
| 页数: | 390页 | |
| 开本: | 26cm | |
| 丛书名: | ||
| 单 册: | ||
| 中图分类: | S722-62 | |
| 科图分类: | ||
| 主题词: | 优良树种--中国--名录 | |
| 电子资源: | ||
| ISBN: | 978-7-5038-7877-0 | |
| 000 | 01012nam0 2200241 450 | |
| 001 | 1321 | |
| 005 | 20180928082629.41 | |
| 010 | @a978-7-5038-7877-0@dCNY260.00 | |
| 100 | @a20170427d2017 em y0chiy50 ea | |
| 101 | 0 | @achi |
| 102 | @aCN@b110000 | |
| 105 | @ay z 000yy | |
| 200 | 1 | @a林木良种名录@9lin mu liang zhong ming lu@e2002-2015@f国家林业局国有林场和林木种苗工作总站编 |
| 210 | @a北京@c中国林业出版社@d2017.02 | |
| 215 | @a390页@d26cm | |
| 314 | @a主编:杨超 | |
| 330 | @a本书系统归纳了国家林业局林木品种审定委员会自2002年成立以来审定通过的376个林木良种,详细介绍了审定通过良种的品种特性、栽培技术要点和适宜种植范围,图文并茂,对于开展林木良种推广、指导生产者正确选择品种和开展科学种植具有重要作用。 | |
| 606 | 0 | @a优良树种@y中国@j名录 |
| 690 | @aS722-62@v5 | |
| 701 | 0 | @a杨超@9yang chao@4主编 |
| 712 | 02 | @a国家林业局国有林场和林木种苗工作总站@9guo jia lin ye ju guo you lin chang he lin mu zhong miao gong zuo zong zhan@4编 |
| 801 | 0 | @aCN@b91MARC@c20170427 |
| 905 | @aMuseLib@dS722-62@e108 | |
| 林木良种名录:2002-2015/国家林业局国有林场和林木种苗工作总站编.-北京:中国林业出版社,2017.02 |
| 390页;26cm |
| ISBN 978-7-5038-7877-0:CNY260.00 |
| 本书系统归纳了国家林业局林木品种审定委员会自2002年成立以来审定通过的376个林木良种,详细介绍了审定通过良种的品种特性、栽培技术要点和适宜种植范围,图文并茂,对于开展林木良种推广、指导生产者正确选择品种和开展科学种植具有重要作用。 |
| ● |
| 相关链接 |
|
|
|
|
正题名:林木良种名录
索取号:S722-62/108
 
预约/预借
| 序号 | 登录号 | 条形码 | 馆藏地/架位号 | 状态 | 备注 |
| 1 | 1122117 | 211221177 | 第二样本阅览室/ [索取号:S722-62/108] | 在馆 | |
| 2 | 1122118 | 211221186 | 密集书库-生命科学系/ [索取号:S722-62/108] | 在馆 |